00596nam a2200205Ia 4500003000900000008004100009020001800050040001600068080002200084245006000106260004200166300001500208490002600223650001600249650002100265650001200286700002300298700003200321710003700353IN-BaIIA211028s9999 xx 000 0 eng d a90-277-0183-0 cIIA Library a082.2:52bIAU-S46 4aThe Crab nebulacedited by R. D. Davies and F. G. Smith aDordrechtbD. Reidel Publishingc1971 axix, 470p. aIAU Symposium; no. 46 aCrab nebula aEmission nebulae aNebulae aDavies, R. D., ed. aGraham-Smith, Francis., ed. aInternational Astronomical Union